Misión peligrosa al pasado / (Record no. 39730)

MARC details
000 -CABECERA
campo de control de longitud fija 00619nam a2200229 a 4500
005 - FECHA Y HORA DE LA ÚLTIMA TRANSACCIÓN
campo de control 20240416064222.0
008 - ELEMENTOS DE LONGITUD FIJA--INFORMACIÓN GENERAL
campo de control de longitud fija 991125s1991 mx 000 0 spa u
020 ## - NÚMERO INTERNACIONAL NORMALIZADO PARA LIBROS
Número Internacional Estándar del Libro 9686382453
035 ## - NÚMERO DE CONTROL DEL SISTEMA
Número de control de sistema UPN01000039730
049 ## - COLECCIÓN
Colección I
050 #4 - SIGNATURA TOPOGRÁFICA DE LA BIBLIOTECA DEL CONGRESO
Número de clasificación F1376 L4.5
100 1# - ASIENTO PRINCIPAL--NOMBRE PERSONAL
Nombre de persona Lerner Sigal, Victoria
9 (RLIN) 41427
245 10 - MENCIÓN DE TÍTULO
Título Misión peligrosa al pasado /
Mención de responsabilidad, etc. Victoria Lerner
260 ## - PUBLICACIÓN, DISTRIBUCIÓN, ETC.
Lugar de publicación, distribución, etc. México :
Nombre del editor, distribuidor, etc. Instituto Mora,
Fecha de publicación, distribución, etc. 1991
300 ## - DESCRIPCIÓN FÍSICA
Extensión 51 p. :
Otras características físicas il
440 #3 - MENCIÓN DE SERIE/ASIENTO SECUNDARIO--TÍTULO
Título El tiempo vuela
650 #4 - ASIENTO SECUNDARIO DE MATERIA - TERMINO TEMATICO
Término de materia o nombre geográfico como elemento de entrada HENEQUEN
651 #4 - ASIENTO SECUNDARIO DE MATERIA - NOMBRE GEOGRAFICO
Nombre geográfico Yucatán
Subdivisión general Historia
9 (RLIN) 4508
902 ## - ELEMENTOS DE DATOS B LOCAL, LDB (RLIN)
Creó EMO ESTELA MURATALLA OCHOA
904 ## - ELEMENTOS DE DATOS D LOCAL, LDD (RLIN)
a AC
b 039732
905 ## - TIPO DE MATERIAL
Tipo de material Infantil
Holdings
Estado de retiro Estado de pérdida Fuente del sistema de clasificación o colocación Estado dañado No para préstamo Código de colección Localización permanente Ubicación/localización actual Ubicación en estantería Fecha de adquisición Clasificación Código de barras Fecha visto por última vez Número de copia Tipo de ítem Koha
    Library of Congress Classification   En proceso de revisión Infantil Bib. Gregorio Torres Quintero Bib. Gregorio Torres Quintero Sala infantil Planta baja 10/05/2023 F1376 L4.5 163251 31/12/2020 1 Libro